| 000 | 00526nam a22001697a 4500 | ||
|---|---|---|---|
| 005 | 20251108164337.0 | ||
| 008 | 250721s1988 xx 000 0 ara d | ||
| 082 | 1 | 4 | _a398.2/فري |
| 100 | 1 | _aفريزر، جيمس | |
| 245 | 1 | 0 | _aأساطير في أصل النار / |
| 264 | 1 |
_aدمشق : _bدار الكندي للترجمة و النشر و التوزيع، _c1988. |
|
| 300 | _a256ص | ||
| 650 | 1 | 7 | _aعلم الأساطير |
| 700 | 1 |
_aشلب الشام، يوسف _eترجمة |
|
| 942 |
_2ddc _cBK |
||
| 999 |
_c9833 _d9833 |
||